000 00394nam a2200157Ia 4500
008 210716s1995 xx 000 0 und d
020 _a0452258111
041 _aeng
082 _a658.311 HALR
100 _aHalf, Robert.
245 _aRobert half on hiring.
250 _a1
260 _aNew York
_bNew American Library
_c1995
300 _axiii,241
650 _aHuman Resource Development
999 _c203134
_d203134